La declaración de inconstitucionalidad de oficio y el principio de congruencia. Análisis de la doctrina legal de la Suprema Corte de la Provincia de Buenos Aires en materia de actualización monetaria sentada en el caso "Barrios" / (Registro nro. 5259)
[ vista simple ]
| 000 -LEADER | |
|---|---|
| fixed length control field | 01619nab a22002417a 4500 |
| 003 - CONTROL NUMBER IDENTIFIER | |
| control field | OSt |
| 005 - DATE AND TIME OF LATEST TRANSACTION | |
| control field | 20250209212212.0 |
| 008 - FIXED-LENGTH DATA ELEMENTS--GENERAL INFORMATION | |
| fixed length control field | 190603e xxum|||| |||| 00| 0 spa d |
| 040 ## - CATALOGING SOURCE | |
| Transcribing agency | PJ |
| 100 ## - MAIN ENTRY--PERSONAL NAME | |
| 9 (RLIN) | 6311 |
| Personal name | Furundarena, Mariano D. |
| 245 10 - TITLE STATEMENT | |
| Title | La declaración de inconstitucionalidad de oficio y el principio de congruencia. Análisis de la doctrina legal de la Suprema Corte de la Provincia de Buenos Aires en materia de actualización monetaria sentada en el caso "Barrios" / |
| Statement of responsibility, etc | Mariano D. Furundarena. |
| 260 ## - PUBLICATION, DISTRIBUTION, ETC. (IMPRINT) | |
| Date of publication, distribution, etc | Ciudad Autónoma de Buenos Aires : |
| Place of publication, distribution, etc | Thomson Reuters La Ley, |
| Name of publisher, distributor, etc | 2025. |
| 300 ## - PHYSICAL DESCRIPTION | |
| Extent | p. 267-278. |
| 500 ## - GENERAL NOTE | |
| General note | Cita Online: TR LALEY AR/DOC/29/2025.<br/>Publicado en: RCCyC 2025 (febrero) , 267. |
| 505 ## - FORMATTED CONTENTS NOTE | |
| Formatted contents note | Sumario: I. Introducción.— II. La doctrina legal sentada en el caso "Barrios".— III. El principio de congruencia y la pretensión procesal.— IV. En principio de congruencia y la declaración de inconstitucionalidad de oficio.— V. La declaración de inconstitucionalidad de oficio de la prohibición de indexar.— VI. Las conclusiones de las XXIX Jornadas Nacionales de Derecho Civil sobre el tema en análisis.— VII. Palabras finales. |
| 505 ## - FORMATTED CONTENTS NOTE | |
| Title | ¿Te interesa el texto completo? Solicitalo al correo: koha@justierradelfuego.gov.ar |
| 650 #0 - SUBJECT ADDED ENTRY--TOPICAL TERM | |
| 9 (RLIN) | 4597 |
| Topical term or geographic name as entry element | CONSTITUCIONALIDAD |
| 650 #0 - SUBJECT ADDED ENTRY--TOPICAL TERM | |
| 9 (RLIN) | 3833 |
| Topical term or geographic name as entry element | PRINCIPIO DE CONGRUENCIA |
| 650 #0 - SUBJECT ADDED ENTRY--TOPICAL TERM | |
| 9 (RLIN) | 6312 |
| Topical term or geographic name as entry element | CONVERTIBILIDAD |
| 653 ## - INDEX TERM--UNCONTROLLED | |
| Uncontrolled term | ACTUALIZACION MONETARIA |
| 773 0# - HOST ITEM ENTRY | |
| Host Biblionumber | 2713 |
| Host Itemnumber | 3170 |
| Place, publisher, and date of publication | Ciudad Autónoma de Buenos Aires : Thomson Reuters La Ley, 2015- |
| Title | Revista Código Civil y Comercial. Nº 1 - Febrero 2025 |
| 942 ## - ADDED ENTRY ELEMENTS (KOHA) | |
| Source of classification or shelving scheme | |
| Koha item type | Analítica Artículo de Revista |
No hay ítems disponibles.
